[Event "Terre degli Elimi op 4th"]
[Site "Erice"]
[Date "2013.07.27"]
[Round "5"]
[White "Van Dongen, Cor"]
[Black "Valguarnera, Girolamo"]
[Result "1-0"]
[WhiteElo "2357"]
[BlackElo "2086"]
[PlyCount "91"]
[EventDate "2013.07.24"]
[EventType "swiss"]
[EventRounds "7"]
[EventCountry "ITA"]
[SourceTitle "EXT 2015"]
[Source "ChessBase"]
[SourceDate "2014.11.20"]
[SourceVersion "1"]
[SourceVersionDate "2014.11.20"]
[SourceQuality "1"]

1. c4 d6 2. g3 Nf6 3. Bg2 e5 4. Nc3 Be7 5. e4 0-0 6. Nge2 c6 7. 0-0 Nbd7 8. d4 Qc7 9. h3 Re8 10. Be3 Bf8 11. Kh2 exd4 12. Nxd4 a5 13. b3 Nc5 14. Qc2 Bd7 15. a3 Re5 16. Rae1 Rae8 17. f3 Qc8 18. Bf4 Rh5 19. g4 Rhe5 20. Rd1 g6 21. Rb1 Bg7 22. Rfd1 h5 23. b4 axb4 24. axb4 Na6 25. g5 Nh7 26. Qd2 Nf8 27. Bg3 Nxb4 28. Rxb4 c5 29. Ncb5 cxb4 30. Nxd6 Qa8 31. Nxe8 Rxe8 32. Qxb4 Qa4 33. Qb3 Rc8 34. Rd2 Rxc4 35. Qxa4 Bxa4 36. e5 Bd7 37. f4 Bc6 38. Nxc6 bxc6 39. Rd8 Kh7 40. Rc8 c5 41. Bd5 Rc2+ 42. Kg1 Ne6 43. Bxe6 fxe6 44. Bf2 Rc4 45. Be3 Re4 46. Kf2 1-0

[Event "Terre degli Elimi op 4th"]
[Site "Erice"]
[Date "2013.07.26"]
[Round "4"]
[White "Corsino, Gianluca"]
[Black "Van Dongen, Cor"]
[Result "1/2-1/2"]
[WhiteElo "2094"]
[BlackElo "2357"]
[PlyCount "28"]
[EventDate "2013.07.24"]
[EventType "swiss"]
[EventRounds "7"]
[EventCountry "ITA"]
[SourceTitle "EXT 2015"]
[Source "ChessBase"]
[SourceDate "2014.11.20"]
[SourceVersion "1"]
[SourceVersionDate "2014.11.20"]
[SourceQuality "1"]

1. d4 e6 2. e4 d5 3. exd5 exd5 4. Bd3 Nc6 5. c3 Bd6 6. Ne2 Nge7 7. 0-0 0-0 8. Bf4 Ng6 9. Bxd6 Qxd6 10. Nd2 Bg4 11. Qc2 Rfe8 12. Rfe1 Nce7 13. h3 Bxe2 14. Bxe2 c6 1/2-1/2

[Event "Terre degli Elimi op 4th"]
[Site "Erice"]
[Date "2013.07.25"]
[Round "3"]
[White "Van Dongen, Cor"]
[Black "Marzaduri, Riccardo"]
[Result "1-0"]
[WhiteElo "2357"]
[BlackElo "1931"]
[PlyCount "63"]
[EventDate "2013.07.24"]
[EventType "swiss"]
[EventRounds "7"]
[EventCountry "ITA"]
[SourceTitle "EXT 2015"]
[Source "ChessBase"]
[SourceDate "2014.11.20"]
[SourceVersion "1"]
[SourceVersionDate "2014.11.20"]
[SourceQuality "1"]

1. Nf3 d5 2. c4 c6 3. g3 Nf6 4. Bg2 Bf5 5. cxd5 cxd5 6. Qb3 Qc8 7. Nc3 e6 8. d3 Be7 9. 0-0 0-0 10. Bf4 Nh5 11. Bd2 Nc6 12. Rac1 Nf6 13. Rfe1 Bg6 14. e4 dxe4 15. dxe4 Rd8 16. Bf4 Nd7 17. Red1 Nc5 18. Qc4 a6 19. Rxd8+ Qxd8 20. Rd1 Qa5 21. Bd6 Rd8 22. e5 Bd3 23. Qf4 Bg6 24. b4 Qa3 25. bxc5 Qxc3 26. Nd4 Bc2 27. Qd2 Nxd4 28. Qxd4 Qa5 29. Qd2 Qa4 30. Rc1 Be4 31. Qf4 Bc6 32. Qxa4 1-0

[Event "EU-Cup 28th"]
[Site "Eilat"]
[Date "2012.10.15"]
[Round "5.6"]
[White "Van Dongen, Cor"]
[Black "Rapaire, Jean Michel"]
[Result "1-0"]
[WhiteElo "2357"]
[BlackElo "1899"]
[PlyCount "61"]
[EventDate "2012.10.11"]
[EventType "team-swiss"]
[EventRounds "7"]
[EventCountry "ISR"]
[SourceTitle "CBM 151"]
[Source "ChessBase"]
[SourceDate "2012.11.13"]
[SourceVersion "1"]
[SourceVersionDate "2012.11.13"]
[SourceQuality "1"]
[WhiteTeam "De Stukkenjagers"]
[BlackTeam "Monte Carlo"]
[WhiteTeamCountry "NED"]
[BlackTeamCountry "MNC"]

1. c4 c6 2. Nf3 Nf6 3. g3 d5 4. b3 Bf5 5. Bg2 e6 6. 0-0 Bd6 7. Bb2 Nbd7 8. d3 Bc7 9. Nbd2 0-0 10. Re1 h6 11. e4 dxe4 12. dxe4 Bg4 13. e5 Nh7 14. h3 Bh5 15. g4 Bg6 16. h4 h5 17. g5 Bb6 18. Ne4 Bxe4 19. Rxe4 Nb8 20. Qc2 c5 21. Rd1 Qc8 22. Re3 g6 23. Nd2 Nc6 24. Bxc6 Qxc6 25. Ne4 Rad8 26. Rd6 Qc7 27. Red3 Kg7 28. Qd2 Kg8 29. Nf6+ Nxf6 30. gxf6 Kh7 31. Bc1 1-0

[Event "NED-chT 1213"]
[Site "Netherlands"]
[Date "2012.10.06"]
[Round "2.4"]
[White "Van Dongen, Cor"]
[Black "Broekmeulen, Jasper"]
[Result "0-1"]
[WhiteElo "2356"]
[BlackElo "2410"]
[PlyCount "82"]
[EventDate "2012.09.15"]
[EventType "team-tourn"]
[EventRounds "9"]
[EventCountry "NED"]
[SourceTitle "CBM 150 Extra"]
[Source "ChessBase"]
[SourceDate "2012.10.19"]
[SourceVersion "1"]
[SourceVersionDate "2012.10.19"]
[SourceQuality "1"]
[WhiteTeam "De Stukkenjagers"]
[BlackTeam "Calder HMC"]
[WhiteTeamCountry "NED"]
[BlackTeamCountry "NED"]

1. c4 d6 2. g3 g5 3. d4 Bg7 4. Nc3 h6 5. Bg2 Nc6 6. d5 Ne5 7. f4 gxf4 8. gxf4 Ng6 9. Nf3 e5 10. dxe6 fxe6 11. 0-0 N8e7 12. e4 0-0 13. Ne2 Rb8 14. a4 a6 15. Ra3 b5 16. axb5 axb5 17. cxb5 Rxb5 18. Nfd4 Rb4 19. Rg3 Kh7 20. Nc2 Rb6 21. b4 Qe8 22. Be3 Rb8 23. Rh3 d5 24. e5 Nf5 25. Bc5 Rf7 26. Qd3 Bf8 27. Ncd4 Bxc5 28. bxc5 Qa4 29. Qd2 Qb4 30. Rc3 Bd7 31. Bh3 Nxd4 32. Nxd4 Rg8 33. Kh1 Rxf4 34. Rxf4 Nxf4 35. Bf1 Be8 36. Qe3 Bg6 37. Rb3 Qxc5 38. Rc3 Qb6 39. h3 Be4+ 40. Kh2 Qb2+ 41. Ne2 Qxe2+ 0-1

[Event "NED-chT 1112"]
[Site "Netherlands"]
[Date "2012.04.22"]
[Round "9.9"]
[White "Houben, Jaap"]
[Black "Van Dongen, Cor"]
[Result "1/2-1/2"]
[WhiteElo "2322"]
[BlackElo "2354"]
[PlyCount "140"]
[EventDate "2011.09.17"]
[EventType "team-tourn"]
[EventRounds "9"]
[EventCountry "NED"]
[SourceTitle "EXT 2013"]
[Source "ChessBase"]
[SourceDate "2012.11.22"]
[SourceVersion "1"]
[SourceVersionDate "2012.11.22"]
[SourceQuality "1"]
[WhiteTeam "Utrecht"]
[BlackTeam "De Stukkenjagers"]
[WhiteTeamCountry "NED"]
[BlackTeamCountry "NED"]

1. e4 c6 2. d4 d5 3. exd5 cxd5 4. Bd3 Nc6 5. c3 Qc7 6. Ne2 Bg4 7. f3 Bh5 8. Bf4 Qd7 9. Bg3 e6 10. Nf4 Bg6 11. 0-0 Bd6 12. Na3 Nge7 13. Nxg6 hxg6 14. Bxd6 Qxd6 15. f4 0-0-0 16. Nc2 g5 17. Qg4 gxf4 18. Qxf4 e5 19. dxe5 Nxe5 20. Rae1 N7c6 21. Bf5+ Kb8 22. Nd4 f6 23. h3 Nxd4 24. cxd4 Nc6 25. Bg6 Qxf4 26. Rxf4 Kc7 27. a3 a5 28. Rg4 Rhf8 29. Bf5 g5 30. h4 gxh4 31. Rxh4 Rh8 32. Rg4 Rdg8 33. Rf4 Re8 34. Kf2 Rxe1 35. Kxe1 Kd6 36. Kd2 Rg8 37. Bh3 Ke7 38. Rh4 Rg7 39. Ke3 Rg5 40. Kf4 Rg7 41. Kf3 Kd6 42. Rf4 Rg6 43. Bf5 Rh6 44. Bg4 b6 45. Ke3 Ne7 46. Kd3 Nc6 47. Rf2 Rg6 48. Bf3 Rh6 49. Kc3 Rh4 50. Rd2 Rf4 51. b4 axb4+ 52. axb4 Ne7 53. Bh5 Nf5 54. Rd3 Rh4 55. Bg6 Ne7 56. Rg3 Ke6 57. Re3+ Kd7 58. Bf7 Rh7 59. Be6+ Kd6 60. Bh3 f5 61. Re5 Rg7 62. b5 Rg3+ 63. Kc2 Rg8 64. Kd3 Rg3+ 65. Ke2 Rb3 66. Bxf5 Nxf5 67. Rxf5 Rxb5 68. g4 Rb3 69. g5 Rg3 70. Rf6+ Ke7 1/2-1/2

[Event "Utrecht OKU op 38th"]
[Site "Utrecht"]
[Date "2011.06.05"]
[Round "5"]
[White "Ootes, Lars"]
[Black "Van Dongen, Cor"]
[Result "0-1"]
[WhiteElo "2358"]
[BlackElo "2381"]
[PlyCount "146"]
[EventDate "2011.06.03"]
[EventType "swiss"]
[EventRounds "6"]
[EventCountry "NED"]
[SourceTitle "CBM 142 Extra"]
[Source "ChessBase"]
[SourceDate "2011.06.27"]
[SourceVersion "1"]
[SourceVersionDate "2011.06.27"]
[SourceQuality "1"]

1. e4 c6 2. d4 d5 3. exd5 cxd5 4. c4 Nf6 5. Nc3 Nc6 6. Nf3 Be6 7. c5 g6 8. Bb5 Bg7 9. 0-0 0-0 10. h3 Ne4 11. Bxc6 bxc6 12. Ne2 a5 13. Ne1 Bc8 14. Nd3 Ba6 15. Be3 Qb8 16. a4 Qc8 17. Qc2 Qf5 18. Rfd1 g5 19. f3 Nf6 20. Ng3 Qg6 21. Ne1 Rfb8 22. Rab1 e6 23. Qxg6 hxg6 24. Bxg5 Rb4 25. Nc2 Rxa4 26. Ra1 Bb5 27. Nf1 Nd7 28. Be3 e5 29. b3 Rxa1 30. Rxa1 exd4 31. Bxd4 Bxd4+ 32. Nxd4 Nxc5 33. Ne3 Re8 34. Nec2 a4 35. bxa4 Bxa4 36. Nb4 Rc8 37. Rc1 Ne6 38. Ndxc6 Kg7 39. Kf2 Nd8 40. Nxd5 Rxc6 41. Rxc6 Bxc6 42. Ne3 Ne6 43. Nc4 Kf6 44. h4 Nf4 45. g3 Nd3+ 46. Ke3 Ne5 47. Nd2 Bd5 48. Kf4 Nc4 49. Nf1 Ke6 50. g4 f6 51. g5 f5 52. Ng3 Ne5 53. Nf1 Bxf3 54. Ne3 Bh5 55. Nc2 Nd3+ 56. Ke3 Nc5 57. Nd4+ Kd5 58. Nb5 Ne6 59. Nc3+ Ke5 60. Nb1 f4+ 61. Kf2 Kf5 62. Nd2 Nd4 63. Kg2 Kg4 64. Ne4 Kxh4 65. Kf2 Kg4 66. Nf6+ Kxg5 67. Nd5 Kf5 68. Nc3 g5 69. Kg2 g4 70. Kf2 g3+ 71. Kg2 Bf3+ 72. Kh3 Ba8 73. Nd1 Ne2 0-1

[Event "NBSB-chA"]
[Site "Roosendaal"]
[Date "2009.08.29"]
[Round "4"]
[White "Van den Doel, Erik"]
[Black "Van Dongen, Cor"]
[Result "1-0"]
[WhiteElo "2589"]
[BlackElo "2337"]
[PlyCount "105"]
[EventDate "2009.08.28"]
[EventType "swiss (rapid)"]
[EventRounds "6"]
[EventCountry "NED"]
[SourceTitle "CBM 132 Extra"]
[Source "ChessBase"]
[SourceDate "2009.11.03"]
[SourceVersion "1"]
[SourceVersionDate "2009.11.03"]
[SourceQuality "1"]

1. e4 c5 2. Nf3 d6 3. c3 Nf6 4. h3 Nc6 5. Bd3 e6 6. Bc2 Be7 7. 0-0 0-0 8. Re1 Bd7 9. d4 cxd4 10. cxd4 Nb4 11. Bb3 Bb5 12. Nc3 Ba6 13. Re3 d5 14. e5 Ne8 15. Ne2 g6 16. Rc3 Ng7 17. Ng3 Rc8 18. h4 Rxc3 19. bxc3 Nc6 20. Bg5 Bxg5 21. hxg5 Nf5 22. Nxf5 gxf5 23. Rc1 Kh8 24. Qd2 Rg8 25. Kh2 Ne7 26. Ng1 h6 27. Nh3 hxg5 28. Nxg5 Kg7 29. Rh1 Rh8+ 30. Kg1 Rxh1+ 31. Kxh1 Qh8+ 32. Kg1 Qh6 33. g3 Ng6 34. f4 Nf8 35. Kg2 Nh7 36. Nf3 Qh5 37. Bd1 Bc4 38. a4 Nf8 39. Ng5 Qh6 40. Qb2 Bf1+ 41. Kg1 b6 42. Qb4 Nh7 43. Kxf1 Qh1+ 44. Ke2 Qg2+ 45. Kd3 Qxg3+ 46. Nf3 Qxf4 47. Qe7 Qe4+ 48. Kd2 f4 49. Qh4 a6 50. Qf2 Qb1 51. Bc2 Qb2 52. Qh4 Nf8 53. Qf6+ 1-0

[Event "Vlissingen HZ op 13th"]
[Site "Vlissingen"]
[Date "2009.08.08"]
[Round "9"]
[White "Van Dongen, Cor"]
[Black "Hekhuis, Jeroen"]
[Result "1-0"]
[WhiteElo "2342"]
[BlackElo "2145"]
[PlyCount "41"]
[EventDate "2009.08.01"]
[EventType "swiss"]
[EventRounds "9"]
[EventCountry "NED"]
[SourceTitle "CBM 131 Extra"]
[Source "ChessBase"]
[SourceDate "2009.09.03"]
[SourceVersion "2"]
[SourceVersionDate "2009.09.16"]
[SourceQuality "1"]

1. e4 c5 2. b4 cxb4 3. a3 d5 4. exd5 Qxd5 5. Nf3 e6 6. Bb2 Nf6 7. Bd3 Be7 8. axb4 Bxb4 9. 0-0 0-0 10. Nc3 Qd8 11. Qe2 Nbd7 12. Ne4 Be7 13. Ra4 Re8 14. Neg5 Nf8 15. Ne5 Qb6 16. Bd4 Bc5 17. Ba1 Re7 18. Rf4 Bd6 19. Rxf6 Bxe5 20. Bxe5 Nd7 21. Qh5 1-0

[Event "Vlissingen HZ op 13th"]
[Site "Vlissingen"]
[Date "2009.08.07"]
[Round "8"]
[White "Haast, Anne"]
[Black "Van Dongen, Cor"]
[Result "1/2-1/2"]
[WhiteElo "2158"]
[BlackElo "2342"]
[PlyCount "38"]
[EventDate "2009.08.01"]
[EventType "swiss"]
[EventRounds "9"]
[EventCountry "NED"]
[SourceTitle "CBM 131 Extra"]
[Source "ChessBase"]
[SourceDate "2009.09.03"]
[SourceVersion "2"]
[SourceVersionDate "2009.09.16"]
[SourceQuality "1"]

1. e4 c5 2. Nf3 d6 3. d4 cxd4 4. Nxd4 Nf6 5. Nc3 g6 6. Be3 Bg7 7. f3 0-0 8. Qd2 Nc6 9. 0-0-0 d5 10. exd5 Nxd5 11. Nxc6 bxc6 12. Bd4 e5 13. Bc5 Be6 14. Ne4 Re8 15. g4 Qh4 16. Bf2 Qe7 17. Bc5 Qh4 18. Bf2 Qe7 19. Bc5 Qh4 1/2-1/2

[Event "Vlissingen HZ op 13th"]
[Site "Vlissingen"]
[Date "2009.08.06"]
[Round "7"]
[White "Van Dongen, Cor"]
[Black "Vovk, Andrey"]
[Result "0-1"]
[WhiteElo "2342"]
[BlackElo "2506"]
[PlyCount "154"]
[EventDate "2009.08.01"]
[EventType "swiss"]
[EventRounds "9"]
[EventCountry "NED"]
[SourceTitle "CBM 131 Extra"]
[Source "ChessBase"]
[SourceDate "2009.09.03"]
[SourceVersion "2"]
[SourceVersionDate "2009.09.16"]
[SourceQuality "1"]

1. d4 Nf6 2. c4 g6 3. Nc3 Bg7 4. e4 d6 5. Nf3 0-0 6. h3 e5 7. d5 a5 8. Bg5 Na6 9. g4 Qe8 10. Be2 Nd7 11. Rg1 Kh8 12. Qd2 f6 13. Be3 Qe7 14. h4 f5 15. gxf5 gxf5 16. Bg5 Qf7 17. Bh6 Bxh6 18. Qxh6 Qf6 19. Qh5 Qe7 20. Qg5 Nf6 21. 0-0-0 Rg8 22. Qh6 fxe4 23. Nd2 Bg4 24. Ndxe4 Nxe4 25. Bxg4 Nxc3 26. bxc3 Rg6 27. Qe3 Rag8 28. f3 Nc5 29. h5 Rg5 30. h6 Qf8 31. Rgf1 R5g6 32. Rh1 Rf6 33. Rdg1 Rgg6 34. Bh5 Qxh6 35. Qxh6 Rxh6 36. Bg4 Nd3+ 37. Kd2 Rxh1 38. Rxh1 Nf2 39. Rb1 Nxg4 40. fxg4 b6 41. c5 bxc5 42. Rb7 Rf7 43. Ra7 Rf2+ 44. Kd3 Rxa2 45. Rxc7 Rf2 46. g5 Rf5 47. Rc6 e4+ 48. Kxe4 Re5+ 49. Kf4 Rxd5 50. c4 Rd1 51. Kf5 Rf1+ 52. Ke6 Rf4 53. Rxd6 Rxc4 54. Kf5 Rd4 55. Ra6 Rd8 56. Rxa5 Rf8+ 57. Ke4 Rc8 58. Kd3 c4+ 59. Kc3 Kg7 60. Ra7+ Kg6 61. Rb7 Rc5 62. Ra7 Rxg5 63. Kxc4 Re5 64. Kd4 Re6 65. Ra5 h5 66. Kd3 h4 67. Kd4 h3 68. Ra3 h2 69. Rh3 Re2 70. Kd3 Ra2 71. Rh8 Kg5 72. Ke3 Kg4 73. Rg8+ Kh3 74. Rh8+ Kg2 75. Rg8+ Kf1 76. Rf8+ Kg1 77. Rg8+ Rg2 0-1

[Event "Leiden LCT op 3rd"]
[Site "Leiden"]
[Date "2009.07.12"]
[Round "3"]
[White "Van Dongen, Cor"]
[Black "Savchenko, Stanislav"]
[Result "1/2-1/2"]
[WhiteElo "2342"]
[BlackElo "2526"]
[PlyCount "173"]
[EventDate "2009.07.10"]
[EventType "swiss"]
[EventRounds "9"]
[EventCountry "NED"]
[SourceTitle "CBM 131 Extra"]
[Source "ChessBase"]
[SourceDate "2009.09.03"]
[SourceVersion "2"]
[SourceVersionDate "2009.09.16"]
[SourceQuality "1"]

1. c4 e5 2. g3 Nc6 3. Bg2 Bc5 4. Nc3 d6 5. e3 a6 6. Nge2 Nge7 7. 0-0 Ba7 8. a3 Bf5 9. h3 Qd7 10. Kh2 Bd3 11. b3 0-0 12. Bb2 b5 13. cxb5 axb5 14. Na2 Rab8 15. Nac1 Bf5 16. b4 Be6 17. d4 exd4 18. Nxd4 Bc4 19. Nxc6 Nxc6 20. Re1 Qf5 21. Qd2 d5 22. g4 Qg5 23. Ne2 Rfe8 24. Nd4 Nxd4 25. Bxd4 Bxd4 26. Qxd4 Rbd8 27. Rad1 Rd6 28. Qc3 Rde6 29. Rd4 c6 30. Kg1 h6 31. Qd2 R6e7 32. Rd1 Ra7 33. Ra1 Rea8 34. e4 Qxd2 35. Rxd2 Rxa3 36. Rxa3 Rxa3 37. exd5 cxd5 38. Bxd5 Rb3 39. Bxc4 bxc4 40. Rd8+ Kh7 41. Rb8 Rxh3 42. Rc8 c3 43. Kg2 Rd3 44. b5 Rd5 45. b6 Rb5 46. Rxc3 Rxb6 47. Rc5 Rg6 48. Kh3 Rg5 49. Rc7 Kg6 50. Rc6+ f6 51. f3 Rd5 52. Kg3 Rd3 53. Rc7 Ra3 54. Rb7 Ra5 55. Rc7 h5 56. gxh5+ Rxh5 57. Ra7 Rb5 58. Kf4 Kh6 59. Ra6 Rb4+ 60. Kg3 Kg5 61. Ra5+ f5 62. Rc5 g6 63. Ra5 Kh5 64. Rc5 Rb8 65. Ra5 Rf8 66. Ra7 g5 67. Rh7+ Kg6 68. Ra7 Rb8 69. Kg2 Rb2+ 70. Kg1 Kf6 71. Ra5 Ke6 72. Rc5 Rd2 73. Ra5 Rd5 74. Ra2 Ke5 75. Kf2 Rc5 76. Rb2 Ra5 77. Rd2 Ra4 78. Rb2 Kf4 79. Rc2 g4 80. fxg4 Kxg4 81. Rc3 f4 82. Rb3 Ra2+ 83. Kf1 Rh2 84. Kg1 Re2 85. Kf1 Rc2 86. Ra3 f3 87. Ra8 1/2-1/2

[Event "Leiden Noteboom Memorial 68th"]
[Site "Leiden"]
[Date "2008.02.02"]
[Round "4"]
[White "Van Dongen, Cor"]
[Black "Munnik, Talitha"]
[Result "1-0"]
[WhiteElo "2315"]
[BlackElo "1984"]
[PlyCount "53"]
[EventDate "2008.02.01"]
[EventType "swiss"]
[EventRounds "6"]
[EventCountry "NED"]
[SourceTitle "CBM 122 Extra"]
[Source "ChessBase"]
[SourceDate "2008.03.04"]
[SourceVersion "1"]
[SourceVersionDate "2008.03.04"]
[SourceQuality "1"]

1. c4 c5 2. g3 Nc6 3. Bg2 g6 4. Nc3 Bg7 5. d3 d6 6. e4 e6 7. Nge2 Nge7 8. 0-0 0-0 9. Rb1 a6 10. a3 Rb8 11. b4 cxb4 12. axb4 b5 13. cxb5 axb5 14. d4 Qc7 15. Bg5 f6 16. Be3 f5 17. d5 Ne5 18. Bf4 Nc4 19. dxe6 Bxe6 20. Nd4 Bxd4 21. Qxd4 Nc6 22. Qd1 fxe4 23. Nxe4 Rbd8 24. Bh6 Rf5 25. Ng5 Bc8 26. g4 Re5 27. Bd5+ 1-0

[Event "Delft Prinsenstad op-A"]
[Site "Delft"]
[Date "2008.01.05"]
[Round "2"]
[White "Schroer, Marcel"]
[Black "Van Dongen, Cor"]
[Result "0-1"]
[WhiteElo "2014"]
[BlackElo "2308"]
[PlyCount "54"]
[EventDate "2008.01.04"]
[EventType "swiss"]
[EventRounds "6"]
[EventCountry "NED"]
[SourceTitle "EXT 2010"]
[Source "ChessBase"]
[SourceDate "2010.11.25"]
[SourceVersion "1"]
[SourceVersionDate "2010.11.25"]
[SourceQuality "1"]

1. Nf3 Nf6 2. c4 c5 3. Nc3 g6 4. e4 d6 5. d4 cxd4 6. Nxd4 Bg7 7. Be2 Nc6 8. Be3 Bd7 9. Qd2 0-0 10. 0-0 Nxd4 11. Bxd4 Bc6 12. f3 a5 13. b3 Nd7 14. Be3 Nc5 15. Rac1 Qb6 16. Nd5 Bxd5 17. exd5 Qb4 18. Rfd1 Rfc8 19. Rc2 Na6 20. Qd3 a4 21. Rb1 Nc5 22. Qd2 Qxd2 23. Bxd2 axb3 24. axb3 Ra3 25. b4 Nb3 26. Be3 Na1 27. Rd2 Rxe3 0-1

[Event "Delft Prinsenstad op-A"]
[Site "Delft"]
[Date "2008.01.05"]
[Round "3"]
[White "Van Dongen, Cor"]
[Black "Drozdowski, Kacper"]
[Result "1-0"]
[WhiteElo "2308"]
[BlackElo "2156"]
[PlyCount "95"]
[EventDate "2008.01.04"]
[EventType "swiss"]
[EventRounds "6"]
[EventCountry "NED"]
[SourceTitle "EXT 2010"]
[Source "ChessBase"]
[SourceDate "2010.11.25"]
[SourceVersion "1"]
[SourceVersionDate "2010.11.25"]
[SourceQuality "1"]

1. c4 Nf6 2. g3 g6 3. Bg2 Bg7 4. Nc3 0-0 5. e4 d6 6. Nge2 c5 7. d3 Nc6 8. 0-0 a6 9. a3 Rb8 10. Rb1 b5 11. cxb5 axb5 12. b4 cxb4 13. axb4 e5 14. Bg5 h6 15. Be3 Be6 16. d4 exd4 17. Nxd4 Nxd4 18. Bxd4 Qd7 19. Qd2 Rfc8 20. Rfc1 Rc4 21. Ne2 Rbc8 22. Rxc4 Rxc4 23. Ra1 Kh7 24. Qb2 Ne8 25. Bxg7 Nxg7 26. Nd4 d5 27. exd5 Bxd5 28. Bf1 Ne6 29. Nxe6 Qxe6 30. Bxc4 Bxc4 31. Qd2 Qf5 32. Qf4 Qe6 33. Qe3 Qf5 34. Rd1 Qg4 35. f3 Qf5 36. g4 Qf6 37. Kg2 Qb2+ 38. Qd2 Qe5 39. Re1 Qf6 40. h4 Be6 41. Kg3 Qe7 42. Qf4 g5 43. hxg5 hxg5 44. Qf5+ Kg7 45. Qxb5 f6 46. Qc6 Qxb4 47. Rxe6 Qf4+ 48. Kg2 1-0

[Event "Delft Prinsenstad op-A"]
[Site "Delft"]
[Date "2008.01.05"]
[Round "4"]
[White "Van Dongen, Cor"]
[Black "Van den Doel, Erik"]
[Result "0-1"]
[WhiteElo "2308"]
[BlackElo "2584"]
[PlyCount "46"]
[EventDate "2008.01.04"]
[EventType "swiss"]
[EventRounds "6"]
[EventCountry "NED"]
[SourceTitle "EXT 2010"]
[Source "ChessBase"]
[SourceDate "2010.11.25"]
[SourceVersion "1"]
[SourceVersionDate "2010.11.25"]
[SourceQuality "1"]

1. d4 Nf6 2. Bg5 d5 3. Bxf6 gxf6 4. e3 c5 5. c3 Nc6 6. Ne2 Qb6 7. Qb3 c4 8. Qc2 Bf5 9. Qc1 e5 10. Ng3 Bg6 11. Nd2 h5 12. h4 Bh6 13. Be2 f5 14. Nxh5 0-0-0 15. dxe5 Bxh5 16. Bxh5 Nxe5 17. Be2 f4 18. exf4 Nd3+ 19. Bxd3 cxd3 20. 0-0 Bxf4 21. Qd1 Rxh4 22. Nf3 Rh1+ 23. Kxh1 Qh6+ 0-1

[Event "NED-chT 0506"]
[Site "Netherlands"]
[Date "2006.04.23"]
[Round "9.3"]
[White "Peng, Zhaoqin"]
[Black "Van Dongen, Cor"]
[Result "1-0"]
[WhiteElo "2407"]
[BlackElo "2299"]
[PlyCount "139"]
[EventDate "2005.09.24"]
[EventType "team"]
[EventRounds "9"]
[EventCountry "NED"]
[SourceTitle "EXT 2007"]
[Source "ChessBase"]
[SourceDate "2006.11.23"]
[SourceVersion "1"]
[SourceVersionDate "2006.11.23"]
[SourceQuality "1"]
[WhiteTeam "Rotterdam SO"]
[BlackTeam "Tilburg"]
[WhiteTeamCountry "NED"]
[BlackTeamCountry "NED"]

1. d4 d5 2. c4 e6 3. Nc3 c5 4. cxd5 exd5 5. Nf3 Nc6 6. g3 c4 7. Bg2 Bb4 8. 0-0 Nge7 9. Bf4 0-0 10. Ne5 Be6 11. Rc1 Qa5 12. Qd2 Rfd8 13. Rfd1 b5 14. Nxc6 Nxc6 15. e4 dxe4 16. Bxe4 Rxd4 17. Qc2 Rc8 18. Bxh7+ Kh8 19. Bf5 Rcd8 20. Bxe6 fxe6 21. Re1 Rd3 22. Qe2 Nd4 23. Qh5+ Kg8 24. Re3 Bxc3 25. bxc3 Rxe3 26. Bxe3 Nf5 27. Bg5 Rf8 28. Qe2 Qb6 29. Rd1 Qc6 30. Qe5 Qf3 31. Rf1 Kh7 32. Qxb5 Qxc3 33. Rc1 Qf3 34. Qxc4 Nxg3 35. hxg3 Qxf2+ 36. Kh1 Qxg3 37. Qh4+ Qxh4+ 38. Bxh4 Rf4 39. Be1 Ra4 40. Rc2 Kg6 41. Kg2 Kf5 42. Bf2 g5 43. Bc5 Ra6 44. a3 Rc6 45. Rf2+ Ke4 46. Bxa7 Kd5 47. Rd2+ Kc4 48. Bb8 Kb3 49. Bd6 g4 50. Bb4 e5 51. Re2 Rg6 52. Kg3 Rg8 53. Re4 Rg6 54. Re3+ Ka4 55. Rxe5 Rg8 56. Ra5+ Kb3 57. Ra7 Rg6 58. Ra8 Rg7 59. Bd6 Rg6 60. Rd8 Ka4 61. Bf8 Rg8 62. Rd4+ Kb3 63. Rb4+ Kc3 64. Bc5 Rg5 65. Bd4+ Kd3 66. a4 Rg6 67. a5 Ke4 68. Bf2+ Kd5 69. Rb6 Rg8 70. a6 1-0

[Event "NED-chT 0506"]
[Site "Netherlands"]
[Date "2006.03.04"]
[Round "7.1"]
[White "Landa, Konstantin"]
[Black "Van Dongen, Cor"]
[Result "0-1"]
[WhiteElo "2597"]
[BlackElo "2299"]
[PlyCount "166"]
[EventDate "2005.09.24"]
[EventType "team"]
[EventRounds "9"]
[EventCountry "NED"]
[SourceTitle "EXT 2007"]
[Source "ChessBase"]
[SourceDate "2006.11.23"]
[SourceVersion "1"]
[SourceVersionDate "2006.11.23"]
[SourceQuality "1"]
[WhiteTeam "Groningen Hotels"]
[BlackTeam "Tilburg"]
[WhiteTeamCountry "NED"]
[BlackTeamCountry "NED"]

1. e4 c6 2. d4 d5 3. Nd2 dxe4 4. Nxe4 Bf5 5. Ng3 Bg6 6. h4 h6 7. Nf3 Nd7 8. h5 Bh7 9. Bd3 Bxd3 10. Qxd3 e6 11. Bf4 Ngf6 12. 0-0-0 Nd5 13. Bd2 Nb4 14. Qb3 a5 15. Kb1 a4 16. Qe3 Nd5 17. Qe2 b5 18. Ne5 Nxe5 19. dxe5 Qb6 20. Rh4 a3 21. b3 Be7 22. Rg4 Ra4 23. Rxg7 Rf4 24. f3 Bf8 25. Rg4 Rxg4 26. fxg4 Qd4 27. c3 Qxc3 28. Bxc3 Nxc3+ 29. Kc2 Nxe2 30. Nxe2 Rg8 31. Rd4 Rg5 32. Re4 Bg7 33. Nd4 Rxe5 34. Rxe5 Bxe5 35. Nxc6 Bd6 36. Nd4 b4 37. Kd3 Ke7 38. Nb5 Bf4 39. Kc4 Bd2 40. Nd4 Kf6 41. Nf3 Bc3 42. Kc5 Ke7 43. Nd4 Kf6 44. Nc6 Kg5 45. Nxb4 Kxg4 46. Nc2 f5 47. b4 Kg3 48. Nxa3 Kxg2 49. Nc4 f4 50. b5 f3 51. b6 Be1 52. Ne3+ Kg1 53. Kd4 Ba5 54. b7 Bc7 55. Kd3 Bb8 56. a4 Ba7 57. a5 Bb8 58. a6 f2 59. Ke2 Ba7 60. Nf1 Bb8 61. Nd2 Kg2 62. Ke3 f1Q 63. Nxf1 Kxf1 64. Kd4 e5+ 65. Kc5 Ba7+ 66. Kd5 Bb8 67. Kc5 Ba7+ 68. Kd6 e4 69. Kc7 e3 70. b8Q Bxb8+ 71. Kxb8 e2 72. a7 e1Q 73. a8Q Qe8+ 74. Kb7 Qxa8+ 75. Kxa8 Kf2 76. Kb7 Kg3 77. Kc6 Kg4 78. Kd5 Kxh5 79. Ke4 Kg4 80. Ke3 Kg3 81. Ke2 Kg2 82. Ke3 h5 83. Kf4 h4 0-1

[Event "NED-chT 0506"]
[Site "Netherlands"]
[Date "2005.12.17"]
[Round "5.7"]
[White "Van Dongen, Cor"]
[Black "Bakker, Sven"]
[Result "1-0"]
[WhiteElo "2291"]
[BlackElo "2305"]
[PlyCount "67"]
[EventDate "2005.09.24"]
[EventType "team"]
[EventRounds "9"]
[EventCountry "NED"]
[SourceTitle "EXT 2007"]
[Source "ChessBase"]
[SourceDate "2006.11.23"]
[SourceVersion "1"]
[SourceVersionDate "2006.11.23"]
[SourceQuality "1"]
[WhiteTeam "Tilburg"]
[BlackTeam "Leiden LSG"]
[WhiteTeamCountry "NED"]
[BlackTeamCountry "NED"]

1. c4 Nf6 2. g3 e6 3. Bg2 d5 4. Nf3 Be7 5. 0-0 0-0 6. d4 dxc4 7. Qc2 a6 8. Rd1 b5 9. Ne5 Nd5 10. Nd2 Bb7 11. a3 Nd7 12. e4 N5f6 13. b3 Nxe5 14. dxe5 Nd7 15. bxc4 c5 16. Bb2 Qc7 17. f4 Nb6 18. Rab1 Rfd8 19. Bf1 Bc6 20. Re1 Rd7 21. Bc3 b4 22. axb4 Ba4 23. Qb2 Rad8 24. Nf3 cxb4 25. Bxb4 Nxc4 26. Qf2 Rc8 27. Nd4 Bb5 28. Nxb5 axb5 29. Bxe7 Rxe7 30. Rxb5 Na5 31. Ra1 Nb7 32. Ra7 Qc6 33. Qb6 Qxb6+ 34. Rxb6 1-0